02475nac a22002531u 4500010001500000020004000015082001900055090001500074100003400089245012700123250001200250260006300262300003400325504005100359505140000410650004201810650004301852650004101895700002601936856007801962942002102040999001502061952014502076 a2004011541 a0763733113 (hardcover : alk. paper)00a365.068bP5581 c1170d1170 aPhillips, Richard L. 14aThe effective corrections manager :bcorrectional supervision for the future /cRichard L. Phillips, Charles R. McConnell. a2nd ed. aBoston, Mass. :bJones and Bartlett Publishers,2005c2005. axxi, 500 p. :bill. ;c26 cm. aIncludes bibliographical references and index.0 aEvolving in a changing environment -- Is corrections really different? -- The nature of supervision : corrections and everywhere -- Definitions, titles, and other intangibles -- The basic management functions -- Delegation : how to form the habit -- Time management : expanding the day without stretching the clock -- Self-management and personal supervisory effectiveness -- Interviewing : the key to the hiring process -- The one-to-one relationship -- Leadership : style and substance -- Organizational communication : looking up, down, and laterally -- Motivation : intangible forces working for and against management -- Performance appraisal : cornerstone of employee development -- Criticism and discipline : guts, tact, and justice -- The problem employee and employee problems -- The supervisor and the human resource department -- Ethics and ethical standards -- Decisions, decisions -- Managing change : resistance is where you find it -- Communication : not by spoken word alone -- How to arrange and conduct effective meetings -- Budgeting : annual task and year-long implications -- Quality and productivity : sides of the same coin -- Teams, team building, and teamwork -- Methods improvement : making work--and life--easier -- Reengineering and reduction in force -- Training and continuing education -- The supervisor and the law -- Unions : building constructive relationships. 0aPrison administrationzUnited States. 0aCorrectional personnelzUnited States. 0aPersonnel managementzUnited States.1 aMcConnell, Charles R.413Table of contentsuhttp://www.loc.gov/catdir/toc/ecip0418/2004011541.html cBBk365.068P5581 c1170d1170 00102ddc40708 aMAINbMAINc1STd2006-08-24epurchaseg228.20l7m8o365.068 PHIp000003322r2025-07-15 00:00:00s2017-12-11v285.25yBB